Bibliotheca Americana et Philippina. (Record no. 6076)

MARC details
000 -CABECERA
campo de control de longitud fija 00815nam a2200229 a 4500
001 - NÚMERO DE CONTROL
campo de control BRCA_6390
005 - FECHA Y HORA DE LA ÚLTIMA TRANSACCIÓN
campo de control 20190320205433.0
008 - DATOS DE LONGITUD FIJA--INFORMACIÓN GENERAL
campo de control de longitud fija 020911s1922----enka######---#000-0#eng-#
041 ## - CÓDIGO DE LENGUA
Código de lengua del texto/banda sonora o título independiente eng
044 ## - CÓDIGO DEL PAÍS DE LA ENTIDAD EDITORA/PRODUCTORA
Código MARC del país enk
050 #4 - SIGNATURA TOPOGRÁFICA DE LA BIBLIOTECA DEL CONGRESO
Número de clasificación Z1029
Número de documento/Ítem .B53 1 1922
245 10 - MENCIÓN DE TÍTULO
Título Bibliotheca Americana et Philippina.
260 ## - PUBLICACIÓN, DISTRIBUCIÓN, ETC.
Lugar de publicación, distribución, etc. Londres
Nombre del editor, distribuidor, etc. Maggs Bros
Fecha de publicación, distribución, etc. 1922-1925
300 ## - DESCRIPCIÓN FÍSICA
Extensión 3 v.
Otras características físicas il.
Dimensiones 21 cm.
500 ## - NOTA GENERAL
Nota general Incluye índices de autores y títulos
500 ## - NOTA GENERAL
Nota general Ver también O155 (v. 2, 3 y 4)
500 ## - NOTA GENERAL
Nota general CEF75
505 0# - NOTA DE CONTENIDO CON FORMATO
Nota de contenido con formato Contenido: v.1. Bibliotheca Americana et Philippina, part I, No. 429, 1922. -- v.3. Bibliotheca Americana et Philippina, part III, No. 442, 1923. -- v.4. Bibliotheca Americana et Philippina, part IV, No. 465, 1925
650 14 - PUNTO DE ACCESO ADICIONAL DE MATERIA--TÉRMINO DE MATERIA
Término de materia o nombre geográfico como elemento de entrada Libros antiguos
Subdivisión de forma Catálogos
9 (RLIN) 15985
902 ## - CATALOGADOR
Iniciales GFM
942 ## - ELEMENTOS DE PUNTO DE ACCESO ADICIONAL (KOHA)
Fuente del sistema de clasificación o colocación Library of Congress Classification
Tipo de ítem Koha Libros
Holdings
Estado de retiro Estado de pérdida Estado dañado No para préstamo Localización permanente Ubicación/localización actual Fecha de adquisición Número de inventario Total de préstamos Signatura topográfica completa Código de barras Fecha visto por última vez Precio válido a partir de Tipo de ítem Koha
El ejemplar forma parte de la colección y puede ser consultado según las políticas vigentes.       Biblioteca del Museo Franz Mayer (Rogerio Casas-Alatriste) Biblioteca del Museo Franz Mayer (Rogerio Casas-Alatriste) 02/09/2011 CEF75   Z1029 .B53 1 1922 (CEF75) 6837 22/03/2019 22/03/2019 Libros